Smart packaging technologies for fast moving consumer goods

Saved in:
Bibliographic Details
Main Author: Kerry
Format: Book
Published: 2008
Tags: Add Tag
No Tags, Be the first to tag this record!
Call Number :

MARC

LEADER 00000pam a2200000 4500
001 27590
003 MY-KLNDU
005 20241218082333.0
020 0 0 |a 9780470028025 
035 |a 0000039094 
039 9 |a 200912221217  |b staff  |c 200911181255  |d VLOAD  |y 200910091802  |z VLOAD 
100 0 0 |a Kerry 
245 0 0 |a Smart packaging technologies for fast moving consumer goods 
260 0 0 |a 2008 
591 |a 0000009748  |b 26/05/09  |c 0306-08  |d 1  |e RM684  |f 1  |g 684  |h Bookfinder Sdn. Bhd. 
999 |a vtls000037151  |c 27590  |d 27590